| 000 | 00510nam a2200157Ia 4500 | ||
|---|---|---|---|
| 003 | SGT | ||
| 020 | _a9788120338371 | ||
| 082 |
_a620.00420286 _bBET |
||
| 100 | _aJames D. Bethune | ||
| 245 | _aEngineering graphics with autocad 2009 | ||
| 260 |
_bPrentice Hall of India Private Limted _aNew Delhi _c2009 |
||
| 300 | _a737p. | ||
| 650 | _a ENGINEERING PHYSICS | ||
| 653 | _aGETTING STARTED, FUNDAMENTAL OF 2 D CONSTRUCTION, MORE ADVANCED COMMANDS, SKETCHING, AUXILIARY VIEW, TOLERANCING | ||
| 942 |
_2ddc _cBK |
||
| 999 |
_c5248 _d5248 |
||